000 00309nam a2200121Ia 4500
008 190216s9999||||xx |||||||||||||| ||und||
100 _aRoy A C
245 0 _aInternational Relations Since 1919
260 _bThe World Press Pvt Ltd
_c1987
300 _a648p
650 _aInternational Relations
942 _cBK
999 _c19954
_d19954